Państwa Europy graniczące z państwami na literę C (z mapą) - Statystyki

Ogólne statystyki
  • Ten quiz został rozwiązany 115 razy
  • Średni wynik to 9 z 10
Odpowiedzi na mapie
Odpowiedzi zakodowano w zielono-czerwonej skali na mapie do tego quizu, zgodnie z poniższymi procentami.
 
Statystyki odpowiedzi
Państwo % Poprawnych
Austria
98%
Niemcy
98%
Polska
98%
Słowacja
98%
Serbia
95%
Bośnia i Hercegowina
93%
Kosowo
92%
Albania
91%
Słowenia
88%
Węgry
87%
Nie znaleziono quizów pasujących do podanych kryteriów
Rozkład punktacji
Procent ludzi z każdym wynikiem
Percentyl według liczby udzielonych odpowiedzi
Twoja historia wyników
Nie rozwiązałeś tego quizu